Top 10 Bruno Mars Songs by Plays - Statistics

General Stats
  • This quiz has been taken 273 times
  • The average score is 7 of 10
Answer Stats
Picture Hint Answer % Correct
#5: 1,203,261,248 Plays 24K Magic
86%
#7: 959,263,620 Plays Grenade
86%
#2: 1,499,799,546 Plays Just the Way You Are
78%
#1: 1,588,694,344 Plays That's What I Like
75%
#4: 1,329,697,020 Plays Locked out of Heaven
72%
#10: 705,687,881 Plays The Lazy Song
72%
#3: 1,492,886,483 Plays When I Was Your Man
72%
#9: 717,859,610 Plays Marry You
66%
#6: 961,926,713 Plays Talking to the Moon
66%
#8: 760,714,254 Plays Treasure
58%
No matching quizzes found
Score Distribution
Percent of People with Each Score
Percentile by Number Answered
Your Score History
You have not taken this quiz